Untersuchungen der Eigenschaften von Fusionsstrategien im paarweisen Gruppie-rungsalgorithmus der agglomerativen Clusteranalyse nach LANGE und WILLIAMS <Eine> konstruktive Theorie der Architektur von Softwarelösungen

Guardado en:
Detalles Bibliográficos
Autor principal: Krimmling, Ullrich
Otros Autores: Schmidt, Kuno
Formato: Libro
Lenguaje:alemán
Publicado: Berlin Hochschule für Ökonomie "Bruno Leuschner" 1983
Etiquetas: Agregar Etiqueta
Sin Etiquetas, Sea el primero en etiquetar este registro!

MARC

LEADER 00000nam a2200000 4500
001 c116694
005 20041019155205.4
041 0 |a ger 
044 |a DE 
245 1 0 |a Untersuchungen der Eigenschaften von Fusionsstrategien im paarweisen Gruppie-rungsalgorithmus der agglomerativen Clusteranalyse nach LANGE und WILLIAMS  |b <Eine> konstruktive Theorie der Architektur von Softwarelösungen  |c Ullrich Krimmling, Kuno Schmidt 
264 1 |a Berlin  |b Hochschule für Ökonomie "Bruno Leuschner"  |c 1983 
300 |a 98 s. 
100 1 |a Krimmling, Ullrich 
700 1 |a Schmidt, Kuno